| 000 | 01026nam a2200241 a 4500 | ||
|---|---|---|---|
| 001 | 000302913 | ||
| 003 | AM-YeHGA | ||
| 005 | 20250618071940.0 | ||
| 008 | 040124s1998 le |||||||||||||||1|arm|d | ||
| 040 | _aAM-YeHGA | ||
| 041 | 0 | _aarm | |
| 100 | 1 |
_aՕշական, Հակոբ Հովհաննեսի, _d1883-1948 _94060 |
|
| 245 | 1 | 0 |
_aԵրկեր / _cՅ. Օշական ; Խմբ.՝ Պ. Սնապեան. |
| 260 |
_aԱնթիլիաս : _bտպ. Կաթողիկոսութեան Հայոց Մեծի Տանն Կիլիկիոյ, _c1998. |
||
| 300 |
_a613 էջ : _b1 թ. դիմանկ. ; _c24 սմ. |
||
| 440 | 0 |
_aԳէորգ Մելիտինեցի գրական մրցանակ _vթիւ 35 |
|
| 500 | _aԲովանդ.՝ Խոնարհները, Խորհուրդներու մեհեանը, Երբ պատանի են | ||
| 504 | _aԲառարան` էջ 589-610 | ||
| 650 | 1 | 4 |
_aՀայ գրականություն _xԵրկեր |
| 700 | 1 |
_aՍնապյան, Պողոս Մարկոսի, _d1927-2014 _eխմբ. _4edt _93742 |
|
| 942 |
_2udc _cBK |
||
| 090 | _c112925 | ||
| 999 |
_c111588 _d111588 |
||